<?xml version="1.0" encoding="UTF-8"?>
<record
    xmlns:xsi="http://www.w3.org/2001/XMLSchema-instance"
    xsi:schemaLocation="http://www.loc.gov/MARC21/slim http://www.loc.gov/standards/marcxml/schema/MARC21slim.xsd"
    xmlns="http://www.loc.gov/MARC21/slim">

  <leader>01111    a2200181   4500</leader>
  <controlfield tag="003">Nust</controlfield>
  <controlfield tag="005">20221221114823.0</controlfield>
  <datafield tag="020" ind1=" " ind2=" ">
    <subfield code="a">9780070681781</subfield>
  </datafield>
  <datafield tag="040" ind1=" " ind2=" ">
    <subfield code="c">Nust</subfield>
  </datafield>
  <datafield tag="082" ind1=" " ind2=" ">
    <subfield code="a">621.384,SIN</subfield>
  </datafield>
  <datafield tag="100" ind1=" " ind2=" ">
    <subfield code="a">T L Singal</subfield>
    <subfield code="9">105505</subfield>
  </datafield>
  <datafield tag="245" ind1=" " ind2=" ">
    <subfield code="a">Wireless Communications /</subfield>
    <subfield code="c">T L Singal</subfield>
  </datafield>
  <datafield tag="260" ind1=" " ind2=" ">
    <subfield code="a">New Delhi</subfield>
    <subfield code="b">Tata McGraw Hill Education Private Limited</subfield>
    <subfield code="c">2010</subfield>
  </datafield>
  <datafield tag="300" ind1=" " ind2=" ">
    <subfield code="a">xvii,668,p,</subfield>
  </datafield>
  <datafield tag="505" ind1=" " ind2=" ">
    <subfield code="a">Evolution of Wireless Communication System (Page-1), Mobile Communication Engineering (Page-35), The Propagation Models (Page-66), Principles of Cellular Communication (Page-99), Cellular Antenna Design Considerations (Page-128), Frequency Management and Channel Assignment (Page-158), Cellular System Design &amp; Modulation (Page-183), Techniques Multiple Access Techniques(Page-251)Basic Cellular Systems (Page-302), Wireless Communication Systems (Page-347), Global System for Mobile (GSM) (Page-400), CDMA Digital Cellular Standards (IS-95) (Page-449), 3G Digital Cellular Technology (Page-517), Emerging Wireless Network Technologies (Page-561).</subfield>
  </datafield>
  <datafield tag="600" ind1=" " ind2=" ">
    <subfield code="a">Wireless Communications</subfield>
    <subfield code="9">105506</subfield>
  </datafield>
  <datafield tag="942" ind1=" " ind2=" ">
    <subfield code="2">ddc</subfield>
    <subfield code="c">BK</subfield>
  </datafield>
  <datafield tag="999" ind1=" " ind2=" ">
    <subfield code="c">189468</subfield>
    <subfield code="d">189468</subfield>
  </datafield>
  <datafield tag="952" ind1=" " ind2=" ">
    <subfield code="0">0</subfield>
    <subfield code="1">0</subfield>
    <subfield code="2">ddc</subfield>
    <subfield code="4">0</subfield>
    <subfield code="7">0</subfield>
    <subfield code="a">MCS</subfield>
    <subfield code="b">MCS</subfield>
    <subfield code="c">GEN</subfield>
    <subfield code="d">2016-12-12</subfield>
    <subfield code="l">1</subfield>
    <subfield code="o">621.384,SIN</subfield>
    <subfield code="p">MCS35112</subfield>
    <subfield code="q">2024-01-20</subfield>
    <subfield code="r">2023-09-22</subfield>
    <subfield code="s">2023-09-22</subfield>
    <subfield code="w">2016-12-12</subfield>
    <subfield code="y">BK</subfield>
    <subfield code="z">Almirah No.38, Shelf No.3</subfield>
  </datafield>
</record>
